000
00353 a2200169 4500
001
195095
020
_a
978-85-0802681-4
040
_c
Magnum
100
_a
Dupré, Maria José
240
1
0
_a
A ilha perdida
_l
por
245
1
0
_a
A ilha perdida
300
_a
127
362
0
_a
2008
440
1
_a
Ática
697
_a
LITERATURA JUVENIL
942
_c
BK
999
_c
195095
_d
195095